000 00953nam a22002537a 4500
005 20110830115425.0
010 _aG-001091
020 _c25.00
_a8189454137
035 _aG-001091
037 _bउपहार
082 _a821
100 _aमनोहर प्रभाकर
_933988
245 _aबढ़ते रहे कदम /
_cमनोहर प्रभाकर
246 _a
_b
260 _aअजमेर
_bशब्द साधना
_c2008
270 _a59, शास्त्री नगर,
_bअजमेर
_e305001
_k
300 _a24पृ
_c21 सेमी(अजिल्द)
_bसचित्र
650 _a
_933989
700 _925138
700 _925157
942 _adpl
_cCH
_2ddc
_mमनोह
_h821
999 _c56091
_d56091